Modernization of Muslim Education in India (Record no. 14455)

MARC details
000 -LEADER
fixed length control field 00612nam a2200241 a 4500
020 ## - INTERNATIONAL STANDARD BOOK NUMBER
ISBN 8189161318
082 00 - DEWEY DECIMAL CLASSIFICATION NUMBER
Classification number 371.9754
Author Cutter FAH
100 ## - MAIN ENTRY--AUTHOR NAME
Author name Fahimuddin, Fa
245 ## - TITLE STATEMENT
Title Modernization of Muslim Education in India
260 ## - PUBLICATION, DISTRIBUTION, ETC. (IMPRINT)
Place of publication Delhi
Name of publisher Adhyayan Publishers
Year of publication 2004
300 ## - PHYSICAL DESCRIPTION
Number of Pages 266p
500 ## - GENERAL NOTE
General note includes index and biblioraphy
505 2# - FORMATTED CONTENTS NOTE
Formatted contents note index
650 ## - SUBJECT ADDED ENTRY--TOPICAL TERM
Topical Term Education-Muslims India
942 ## - ADDED ENTRY ELEMENTS (KOHA)
Koha item type Books
700 1# -
-- Fahimuddin, Fa
Holdings
Collection code Home library Current library Date acquired Cost, normal purchase price Full call number Accession Number Koha item type
  Henry Martyn Institute Library Henry Martyn Institute Library 08/08/2005 625.00 371.9754 FAH 021429 Books
                   Copyright © 2026 | Henry Martyn Institute | Hyderabad | TS-500052 | INDIA | Implemented by hmi.edu.in
Hit-Count:

Powered by Koha